Statistics for Tour the World Lyrics

Click here to take the quiz!

General Stats

  • This quiz has been taken 11 times
  • The average score is 127 of 200

Answer Stats

Answer% Correct
And visit {Namibia}
100%
and {Zambia}
100%
So many places to go and we can start with {Niger}
100%
A country called {Burkina Faso}
83%
and {Australia}
83%
and {Botswana}
83%
and {Comoros}
83%
and {Tuvalu}
83%
{Benin},
83%
{Burundi},
83%
Can't forget {New Zealand}
83%
Can't wait to inhale the air of {Seychelles}
83%
{Central African Republic}
83%
{Chad},
83%
{Chile},
83%
{Congo}
83%
{Côte d'Ivoire},
83%
{Ecuador},
83%
{Egypt} has a rich history
83%
{Equatorial Guinea}
83%
{Ethiopia}, let's go
83%
{Fiji} Islands,
83%
{Gabon},
83%
{Guinea},
83%
{Guinea-Bissau},
83%
{Guyana},
83%
{Kenya},
83%
{Kiribati} is also known as Kiribus
83%
Let's explore {Micronesia}
83%
Let's see {Tanzania}
83%
{Madagascar}, I remember that movie
83%
{Malawi},
83%
{Mali},
83%
{Marshall Islands}
83%
{Morocco}
83%
{Mozambique}
83%
{Nauru},
83%
Official language of {Nigeria}
83%
{Palau},
83%
{Papua New Guinea} is gorgeous
83%
{Paraguay}
83%
{Peru},
83%
{Rwanda},
83%
{Samoa}
83%
{São Tomé and Príncipe}
83%
{Solomon Islands}
83%
{Sudan},
83%
{Suriname},
83%
{Togo} sits right below
83%
{Tonga},
83%
{Uganda},
83%
{Uruguay}
83%
{Vanuatu}
83%
{Venezuela},
83%
We'll go there then visit {Ghana}
83%
Where are we going next? After that is {Algeria}
83%
Which is the capital of {Lesotho}
83%
After {Belize}
67%
and {Djibouti},
67%
and {Gambia}
67%
and {Grenada}
67%
and {Liberia}
67%
and {Nicaragua}
67%
And {North Korea} are on the continent of Asia
67%
and {Norway}
67%
and {Senegal}
67%
and {South Sudan}
67%
and spend a few days in the {Ukraine}
67%
and {Swaziland}
67%
And then we'll go to {Belgium}
67%
and then we'll go to {Turkey}
67%
and the {United Arab Emirates}
67%
{Angola},
67%
{Argentina},
67%
{Armenia}, take me away
67%
{Bahamas},
67%
{Bolivia}
67%
{Brazil},
67%
But did you know she was born in {Barbados}?
67%
{Cameroon},
67%
{Cape Verde},
67%
{Colombia}
67%
{Costa Rica},
67%
Did you know cinnamon originated in {Sri Lanka}?
67%
{Dominica}
67%
{El Salvador},
67%
{Eritrea},
67%
{Haiti} is where I was born
67%
{Honduras},
67%
I love {Saint Lucia},
67%
I'm gonna go see {Canada}
67%
In {Italy} we'll see the Leaning Tower of Pisa
67%
In my last song I toured the {United States}
67%
{Israel},
67%
It's so beautiful, just like {Jamaica}
67%
{Jordan},
67%
Just like {Cuba},
67%
{Kuwait}
67%
{Lebanon},
67%
Let's go to {Qatar}
67%
{Libya},
67%
Like the {Philippines}
67%
{Mauritania},
67%
{Mauritius},
67%
{Oman}
67%
Pablo Picasso's artwork in {Spain}
67%
{Panama},
67%
{Saint Kitts and Nevis},
67%
{Sierra Leone}
67%
{Somalia},
67%
{South Africa}
67%
{South Korea}
67%
That originated in {Yemen}, pass me a big cup
67%
The first chocolate bar was invented in {Guatemala}
67%
then {Nepal}
67%
to {Slovakia}
67%
To {Slovenia}
67%
Tourists visit the Mayan temple in {Mexico}
67%
{Tunisia},
67%
Was shot in {Saint Vincent and the Grenadines}
67%
We'll head there after {Trinidad and Tobago}
67%
We'll see the Pope in {Vatican City}
67%
We'll take the train from {Serbia}
67%
{Western Sahara}, now we're leaving Africa
67%
{Zimbabwe},
67%
{Afghanistan}
50%
{Albania},
50%
And chocolates is the country of {Switzerland}
50%
And {England}
50%
And {Ireland}
50%
and {Malaysia}
50%
and {Romania}
50%
and {Singapore}
50%
and {Tajikistan}
50%
And then {Sweden}
50%
and {Turkmenistan}
50%
{Antigua and Barbuda}
50%
{Arabia},
50%
{Austria}
50%
{Azerbaijan},
50%
{Bahrain}
50%
{Bangladesh},
50%
{Brunei}, let's go miles away
50%
{Cambodia},
50%
{China},
50%
{Denmark}, let's go
50%
{Dominican Republic}
50%
{East Timor},
50%
{Georgia},
50%
{India},
50%
{Indonesia}
50%
{Iran},
50%
{Iraq},
50%
{Japan}
50%
{Kazakhstan},
50%
{Kosovo},
50%
{Kyrgyzstan},
50%
{Laos},
50%
Let's visit {Latvia},
50%
make up the {United Kingdom}
50%
{Maldives}, we're going really far
50%
{Monaco},
50%
{Mongolia},
50%
{Myanmar},
50%
{Northern Ireland},
50%
{Pakistan},
50%
{San Marino},
50%
{Scotland}
50%
Switch it up! {Taiwan}
50%
{Syria},
50%
{Thailand},
50%
The scenery is beautiful in {Portugal}
50%
{Uzbekistan}
50%
{Vietnam},
50%
{Wales},
50%
and {Andorra}
33%
And {Cyprus}, I promise you'll love it
33%
and {Estonia}
33%
and {Macedonia}
33%
and the {Czech Republic}
33%
{Bosnia and Herzegovina}
33%
{Bulgaria}
33%
{Croatia},
33%
{Finland},
33%
{Germany},
33%
{Hungary},
33%
In {Poland} you'll get more than an eyeful
33%
Let's have fun in {Iceland}
33%
Let's see {Belarus}
33%
{Liechtenstein},
33%
{Lithuania}
33%
{Luxembourg},
33%
{Malta},
33%
{Moldova}
33%
{Montenegro}
33%
Speaking of eyeful, let's go to {France}
33%
The {Netherlands},
33%
We'll go to {Russia}
33%
We'll party in {Greece}
33%
{Bahrain},
17%

Score Distribution

Percentile by Number Answered

Percent of People with Each Score

Your Score History

You have not taken this quiz